| 000 | 00470nam a22001937a 4500 | ||
|---|---|---|---|
| 999 |
_c16535 _d16535 |
||
| 003 | ASAB | ||
| 005 | 20190228050740.0 | ||
| 008 | 120507t xxu||||| |||| 00| 0 eng d | ||
| 020 | _a8123911394 | ||
| 038 | _aASAB | ||
| 040 | _cASAB | ||
| 082 | _a562.1 | ||
| 100 |
_aRaymond C.Moore _913744 |
||
| 245 | _aInvertebrate Fossils | ||
| 260 |
_aNew Delhi _bCBS publishers (New Delhi) _c1997 |
||
| 300 | _a766 P | ||
| 650 |
_aInvertebrate Fossils _92437 |
||
| 942 |
_2lcc _cBK |
||